| 000 | 00825nam a2200253 i 4500 | ||
|---|---|---|---|
| 001 | bg | ||
| 100 | 1 |
_aGOETHE, Johann Wolfgang von _d(1749-1832) |
|
| 245 | 1 | 0 |
_aFaust : _bder Tragödie zweiter Teil in fünf Akten / _cJohann Wolfgang von Goethe. |
| 246 | 1 | _aFaust II | |
| 260 |
_aHamburg : _bHamburger Lesehefte Verl., _c[200?]. |
||
| 300 |
_a232 s. ; _c20 cm. |
||
| 490 | 1 |
_aHamburger Lesehefte ; _v170 |
|
| 500 | _aTyt. grzbiet.: Faust II. | ||
| 650 | 9 |
_aDramat niemiecki _y19 w. |
|
| 830 | _aHamburger Lesehefte ; | ||
| 020 | _a3872911694 | ||
| 040 | _cBPK | ||
| 041 | 0 | _ager | |
| 080 | _a821.112.2-2 | ||
| 920 | _a3-87291-169-4 | ||
| 942 | _cKS | ||
| 008 | s pl f |000 0 pol | ||
| 999 |
_c45951 _d45951 |
||
| 856 |
_uhttp://koha.tu.koszalin.pl/cgi-bin/koha/opac-detail.pl?biblionumber=45951 _yKatalog online BPK |
||